000 00329nam a2200133Ia 4500
005 20251222143207.0
008 251222s9999||||xx |||||||||||||| ||spa||
082 _a986.600.72/G62
100 _aGómez Iturralde, José Antonio
245 0 _aGuayaquil:
250 _a1ra.ed.
264 _bPolitécnico del Litoral
942 _cLIB
999 _c13311
_d13311